| 000 | 00462cam a22001934a 4500 | ||
|---|---|---|---|
| 005 | 20250605164310.0 | ||
| 008 | 250528s ||||||||||||||||||||||||d | ||
| 035 | _a22448 | ||
| 020 | _a9789605122836 | ||
| 040 |
_aGR-AtMCL _bgre _dGR-AtMCL _eAACR2 |
||
| 245 | 1 | _aΟΔΗΓΟΣ ΤΗΣ JAVA 2 | |
| 250 | _a1 | ||
| 260 |
_bΓκιουρδας, _c2001 |
||
| 300 | _a568 | ||
| 700 | 1 |
_aSchildt Herbert _98273 |
|
| 942 | _cBK | ||
| 999 |
_c7500 _d7500 |
||